|
|
|
|
| LEADER |
01035nam a22002891 4500 |
| 001 |
c000040503 |
| 003 |
CARM |
| 005 |
00000000000000.0 |
| 008 |
731212s1966 fr b 00000 eng |
| 019 |
1 |
|
|a 658360
|5 LACONCORD2021
|
| 035 |
|
|
|a (OCoLC)426990
|5 LACONCORD2021
|
| 050 |
0 |
0 |
|a QR84
|b .A782 1966
|
| 100 |
1 |
|
|a Asselineau, Jean.
|
| 240 |
1 |
0 |
|a Lipids bacteriens.
|l English
|
| 245 |
1 |
4 |
|a The bacterial lipids.
|
| 250 |
|
|
|a [Rev. ed.]
|
| 260 |
|
|
|a Paris,
|b Hermann;
|a San Francisco,
|b Holden-Day
|c [c1966]
|
| 300 |
|
|
|a 372 p.
|c 25 cm.
|
| 490 |
1 |
|
|a Chemistry of natural products ;
|v 4
|
| 504 |
|
|
|a Bibliography: p. [337]-372.
|
| 650 |
|
0 |
|a Lipids.
|
| 650 |
|
0 |
|a Bacteria
|x Physiology.
|
| 830 |
|
0 |
|a Chemistry of natural products (Editions scientifiques Hermann) ;
|v 4.
|
| 852 |
8 |
|
|b CARM
|h A2:AD22F0
|i C00085
|p 0002473
|f BK
|
| 082 |
0 |
4 |
|a 589.9/01/92
|
| 999 |
f |
f |
|i 8bcf3f43-2a47-53d9-9925-175019b0cc44
|s 74d51ae7-22ae-5c0d-abfb-eea2b76f5243
|
| 952 |
f |
f |
|p Can circulate
|a CAVAL
|b CAVAL
|c CAVAL
|d CARM 1 Store
|e C00085
|f A2:AD22F0
|h Other scheme
|i book
|m 0002473
|